La Celestina: tragicomedia de calisto y Melibea

Uloženo v:
Podrobná bibliografie
Hlavní autor: Rojas, Fernando de (Autor)
Médium: Kniha
Jazyk:španělština
Vydáno: Madrid Calleja 1917
Edice:Biblioteca Calleja
Témata:
Tagy: Přidat tag
Žádné tagy, Buďte první, kdo vytvoří štítek k tomuto záznamu!

MARC

LEADER 00000nam a2200000 a 4500
001 UCU9349
003 CL-VaPUC
008 960816e19170000SP |||||||||||||||||spa|d
082 0 4 |a 862  |b ROJ  |2 21 
100 0 |a Rojas, Fernando de  |e author  |9 326656 
245 1 3 |a La Celestina: tragicomedia de calisto y Melibea 
300 |a 342 p  
942 |c BK 
945 |d 19960816 00:00:00  |a rbrito 
260 |a Madrid  |b Calleja  |c 1917 
650 0 |a Drama español  |9 265098 
583 |a last modification  |c 19960816 00:00:00  |k Rodrigo Vera 
490 0 |a Biblioteca Calleja 
999 |c 251109  |d 251107 
952 |0 0  |1 0  |4 0  |6 862_000000000000000_ROJ_1917  |7 0  |8 R  |9 270050  |a BIBEDU  |b BIBEDU  |c MCIRC  |d 2019-11-19  |i 3220702  |o 862 ROJ 1917  |p 3220702  |r 2023-01-13  |w 2019-11-19  |y BK  |k LIT